[Event "Match 81__120'/40"]
[Site "Zürich"]
[Date "2025.??.??"]
[Round "45"]
[White "Scorpio 68000 sel. 4"]
[Black "Fidelity Excel Mach III"]
[Result "1-0"]
[Annotator "Utzinger,K"]
[WhiteElo "2043"]
[BlackElo "2020"]
[PlyCount "163"]
[EventDate "2025.??.??"]

{[%evp 0,163,26,9,77,77,77,31,40,40,58,34,36,23,46,13,109,10,10,10,25,-1,136,20,28,28,24,38,31,-70,-47,-87,-103,-120,-120,-126,-134,-151,-138,-139,-147,-164,-160,-168,-162,-181,-181,-178,-185,-176,-147,-153,-93,-73,-95,-65,-65,-70,-54,-56,-54,-104,-76,-33,0,0,-47,-54,0,-105,-114,-212,-194,-155,-54,-230,-209,-209,-35,-35,0,0,0,0,0,0,0,0,204,193,285,284,333,352,359,377,377,331,376,283,268,234,234,233,234,242,517,517,517,517,517,537,537,547,547,547,547,547,547,547,557,547,557,567,567,567,567,577,29969,567,29961,29960,29961,29942,29955,29968,29969,29972,29973,29974,29973,29976,29977,29978,29979,29980,29983,29984,29985,29986,29987,29988,29989,29988,29989,29990,29991,29992,29993,29994,29995,29996,29997,29998,29999,29999]} 1. e4 c6 {Match 120'/40 | Bediener: Rolf Bühler | Kommentator: Kurt Utzinger | 45. Partie: Weiss (Scorpio 68000 sel. 4) gewinnt | Zwischenstand: 23-22 (51,1%) für Mach III | Stand hypothetisch: 25-20 (55,5%) für Mach III | Eröffnung: Caro Kann Verteidigung, Capablanca System | Buchzüge: 6 von Scorpio 68000 sel.4 / 4 von Mach III | Partieverlauf: Die Wahl des Scorpio 68000 sel. 4 der als dubios bekannten Gambitvariante 5.Ld3 gegen die Caro Kann Verteidigung rentiert sich. Denn mit der materialistischen Fortsetzung 10...Dxb2? gerät der Mach III in eine verlorene Stellung. Wie schon fast üblich, vermag der Gegner dies nicht auszunutzen. Im Gegenteil gerät das Programm von David Kittinger in der Folge mehrere Male (4x) selbst in Verluststellungen. Den letzten entscheidenden Fehler begeht dann aber der Mach III und verringert seinen Vorsprung in diesem Match auf einen Punkt. Beide Programme waren in dieser Runde in allen Partiephasen völlig überfordert. Die kritischen Varianten waren fast durchwegs viel zu tief für unsere alten Schätze.} 2. d4 d5 3. Nc3 dxe4 4. Nxe4 Bf5 {***ENDE BUCH***} 5. Bd3 {Wer gegen das top solide Capablanca System mit 4...Lf5 gewinnen will, wird sich mit Weiss ausserordentlich schwer tun. Der Läuferzug von Scorpio 680000 sel. 4 ist ein Bauernopfer, das Weiss nur sehr vage Kompensation in Form von Entwicklungsvorsprung bietet. Das Gambit selbst hat aber einen schlechten Ruf, bzw. eine miserable Bilanz von 27,7% aus 482 Partien in der ChessBase Online Datenbank. Meines Erachtens ist das Gambit spielbar, aber die Gefahr, dass Weiss (im Gegensatz zu den übermächtigen Schachprogrammen), nicht jederzeit die besten Züge findet, ist äusserst hoch. Nur schon aus diesem Grunde, lohnt es sich kaum, dieses Gambit anzuwenden.} Qxd4 6. Nf3 {***ENDE BUCH***} Qb6 (6... Qd8 7. Qe2 Nf6 8. Bd2 (8. Nxf6+ {gewinnt keine Figur} gxf6 9. Bxf5 Qa5+ 10. Bd2 Qxf5 11. O-O-O $11) 8... Bxe4 9. Bxe4 Nxe4 10. Qxe4 {ist die Buchvariante des Programms von David Kittinger, wobei die Engines eine Bewertung von 0.00 ausgeben.}) 7. O-O {Auf Suchtiefe 66 (!) ist die Stellung gemäss Stockfish 17.1 nach 7.Seg5 gleichwertig.} ({Stockfish 17.1:} 7. Neg5 {0.00(50%)/66} Nd7 8. O-O Bxd3 9. Qxd3 Ngf6 10. Qc4 Nd5 11. Qg4 N5f6 12. Qc4 {[%eval 0,66] [%wdl 21,958,21]}) 7... Na6 8. Qe2 Bxe4 9. Bxe4 Nf6 10. Be3 {[#]} Qxb2 $2 $18 {[%mdl 2] ***VERLUSTZUG*** nach nur 10 Zügen. Schwarz hatte mindestens zwei ausgleichende Fortsetzungen zur Verfügung.} (10... Nc5 11. Bf5 e6 12. a3 Be7 13. b4 Qa6 14. c4 Nce4 $11) (10... Qc7 11. Bd4 e6 12. c3 Nc5 13. Bc2 Ncd7 14. Bb3 Bc5 $11) 11. Bxc6+ {Auch wenn 11.Tfb1 oder 11.Tab1 noch stärker ist, genügt der Textzug für den Gewinn der Partie. Das kann der Scorpio 68000 sel. 4 indessen nicht erkennen, wie die Folge zeigt. Das Scheinopfer des Läufers war nämlich rein materiell bedingt.} ({PROMENADE-bmi2:} 11. Rfb1 {4.03(100%)/51} Qa3 12. Ng5 Nb4 (12... Nxe4 13. Nxe4 Qa4 14. Qg4 Qxc2 15. Rd1 e6 16. Rd2 f5 (16... Qxd2 17. Nxd2 $18) 17. Nf6+ gxf6 18. Qh5+ Ke7 19. Rxc2 $18) 13. Qc4 Nfd5 14. Bd2 Qa6 15. Rxb4 Qxc4 (15... Nxb4 16. Qxf7+ Kd7 17. Bxb4) 16. Rxc4 h6 17. Nf3 Nb6 18. Rb4 e6 19. Rb3 O-O-O 20. Be3 Bd6 21. a4 c5 22. Rc3 Nd7 23. Bd3 g5 24. Rb1 Nb6 25. Rcb3 Rd7 26. a5 Nd5 27. Nd2 Rhd8 28. Nc4 Rc7 29. Be2 Bf8 30. Bd2 Bg7 31. Kf1 Nb4 32. Bxb4 cxb4 33. Rxb4 Rd4 34. Bd3 h5 35. a6 bxa6 36. Rb8+ Kd7 37. R8b7 h4 38. Rxc7+ Kxc7 39. Na5 Ra4 40. Rb7+ Kd6 {[%eval 403,51] [%wdl 1000,0,0]}) 11... bxc6 12. Qxa6 $2 $11 {Damit vergibt Weiss den mit 12.Tfb1 möglichen Sieg.} ({Stockfish 17.1:} 12. Rfb1 {3.46(100%)/40} Qa3 13. Qc4 Rd8 14. Rb3 Qd6 15. Qxa6 e6 16. Rd3 Nd5 17. Rb1 Be7 18. c4 O-O 19. cxd5 cxd5 20. Qxd6 Bxd6 21. g3 Rd7 22. a4 Rc8 23. a5 h6 24. Rb5 Rc4 25. Rd4 Rc6 26. Rd1 Kf8 27. Rdb1 Ke8 28. Kg2 Rc4 29. Rb7 a6 30. R7b6 e5 31. R1b3 {[%eval 346,40] [%wdl 1000,0,0]}) 12... Qb5 13. Qxb5 {Dem Damentausch kann Weiss nicht gut ausweichen.} cxb5 {Für seinen Bauern hat Weiss nun gerade noch genügend Kompensation, um die Stellung im Gleichgewicht zu halten.} 14. a4 $2 {Aber nicht so, geht doch der Vorteil nun deutlich an Schwarz über.} (14. Rfb1 a6 15. a4 bxa4 16. Rxa4 $11) 14... b4 $17 15. Rfe1 $6 {Ein dubioser Turmzug, weil man sich fragen muss, was der Turm auf e1 soll.} e6 16. Re2 $6 {zu passiv} Be7 $6 (16... a6 {ist viel sinnvoller, weil der Turm von der undankbaren Aufgabe entbunden wird, seinen a7-Bauer zu decken. Die Engine gibt einen Wert von -2.36(100%)/41 aus.}) 17. Bd4 O-O {[#]} 18. Rb1 $2 $19 {[%mdl 32768] Damit stolpert nun Weiss in den ***VERLUST***} ({Mit} 18. c3 {kann Weiss diesen Schwächling loswerden.}) 18... Rfc8 19. Bxf6 gxf6 20. g3 Rd8 {Besetzt die offene d-Linie und kann seinen zweiten Turm nach c8 bringen.} 21. Kg2 Rd5 ({Auch} 21... Rac8 22. Ne1 Kf8 $19 {sieht gut aus.}) 22. h4 Rc8 23. Ne1 Ra5 24. Ra1 Rc3 25. Rd2 Ra3 $6 ({Stärker ist} 25... Rc7 26. Nf3 Rac5 27. Ne1 Kf8 28. a5 Rc3 $19) 26. Rad1 $19 {Noch am besten.} R5xa4 $2 $15 {Vermasselt den Sieg. Schwarz hätte mit dem anderen Turm schlagen und den Ta5 auf der 5. Reihe belassen sollen, um das Manöver Ta5-d5 zur Verfügung zu haben.} 27. Rd7 Bf8 28. R1d4 {Weiss droht, mit Tg4+ den Gegner in wenigen Zügen mattzusetzen. Trotzdem war 28.Tc7 eine genauere Verteidigung.} (28. Rc7 Ra1 29. Rd4 b3 30. Rxa4 Rxa4 31. cxb3 Ra6 $11) 28... h6 {Öffnet dem König ein Luftloch. Alternativen sind:} (28... b3 29. Rxa4 Rxa4 30. cxb3 Ra6 $15) (28... f5 29. Rb7 {droht, mit Td8 zu gewinnen.} Ra1 ({oder} 29... b3 $11) 30. Nd3 b3 31. Rxa4 Rxa4 32. cxb3 Ra5 $11) 29. Rg4+ Bg7 $11 {erzwungen} (29... Kh7 $2 30. Rxf7+ Kh8 31. Rxf8+ Kh7 32. Rf7+ Kh8 33. Rd4 Kg8 34. Rb7 {nebst Matt im nächsten Zug; auch hier zeigt sich der Nachteil des falschen Schlagens mit dem Turm a5 nach a4.}) (29... Kh8 $2 30. Rd8 Kh7 31. Rxf8 $18) 30. Nd3 $2 $17 {Gibt dem Gegner wieder Auftrieb; 30.Td8 oder 30.Tgd4 halten das Gleichgewicht.} Rc3 $2 $11 {So hat die gegnerische Ungenauigkeit keine Folgen.} (30... f5 $1 31. Rxb4 Rxb4 32. Nxb4 a5 {und Schwarz steht deutlich besser.}) 31. Nb2 Ra2 32. Rxb4 Rxc2 33. Nd3 Rd2 34. Rbb7 {Ein seltenes Bild: Beide Parteien haben ihre Türme auf der gegnerischen 7. Reihe platziert.} Bf8 {Entzieht sich dem möglichen Doppelangriff durch Txf7 usw.} {[#]} 35. Kf3 $2 $19 {[%mdl 32768] -3.52(0%)/41 Das ***VERLIERT*** wieder. Zwei mögliche Ausgleichsvarianten sehen wie folgt aus:} (35. g4 Ra4 36. Rb8 Rxg4+ 37. Kf3 Rb4 38. Rc8 Rb1 39. Nc5 Rb3+ 40. Kg2 Rbb2 41. Rxd2 Rxd2 42. Ne4 Rd4 43. Nxf6+ Kh8 44. Nh5 Kg8 45. Nf6+ Kg7 46. Nh5+ Kg6 47. Rxf8 Kxh5 48. Rxf7 a5 49. Re7 Rd6 50. Ra7 Rd5 51. Ra6 Kxh4 52. Rxe6 $11) (35. Rb8 f5 36. Kg1 Rd1+ 37. Kg2 Rad2 38. Rxa7 Rxd3 39. Raa8 Kg7 40. Rxf8 $11) 35... a5 $2 $15 {Minimiert den Vorteil um fast 3 Bauerneinheiten. Zum Gewinn hätten 35...f5 oder 35...h5 geführt.} {[#]} 36. Ke3 $2 $19 {[%mdl 32768] ***VERLUSTZUG*** Auch hier was das Spiel mit 36.g4 zu halten.} f5 $2 $11 {Verpasst den mit 36...e5! möglichen Gewinn.} (36... e5 {-3.10(0%)/46}) {[#]} 37. Rbc7 $2 $19 {[%mdl 32768] ***VERLIERT*** wieder.} (37. Rxf7 {Gibt man dem Scorpio 68000 sel. 4 diesen ausgleichenden Zug ein, sieht sich das Programm -01.48 in Erwartung von} e5 38. Rxf5 Re2+ 39. Kf3 e4+ {Erst hier sieht der Scorpio 68000 sel. 4 mit der Bewertung 00.33, dass die Sache nach} 40. Kg2 exd3 41. Rb8 {gar nicht schlimm ist, was sich in der Bewertung und der Zugfolge} Kg7 42. Rbxf8 Re7 43. Rd8 {zeigt. Mit 43.Td8 wird endlich auch 00.00 angezeigt.}) 37... Re2+ 38. Kf4 f6 $2 $11 {Vermasselt den Sieg.} (38... Rad2 39. Ra7 a4 40. g4 fxg4 41. Rxa4 Rxf2+ 42. Kxg4 (42. Nxf2 Rxd7 43. Nxg4 Kg7 44. Kf3 Bc5 45. Ra2 Rd3+ 46. Kg2 Rd4 $19) 42... Rf1 43. Rc4 Bg7 44. Ne5 Rxd7 45. Nxd7 Rf5 $19) 39. Rd8 Rec2 40. Ra7 Rd2 41. Raa8 Kh7 42. Rd7+ Bg7 43. Raa7 $11 {[#]} Rxd3 $2 $18 {[%mdl 2] ***VERLUSTZUG***} ({Rems M-091224-bmi2:} 43... Kh8 44. Ke3 (44. Rxg7 $2 Rxd3 $19) 44... Re2+ 45. Kf3 Bf8 46. g4 e5 47. Rd8 Kg8 48. gxf5 h5 49. Kg3 e4 50. Raa8 Ra3 51. Kg2 Rxd3 52. Rxf8+ Kg7 53. Rg8+ Kh7 54. Rh8+ Kg7 55. Rag8+ Kf7 56. Rb8 Kg7 57. Rhc8 Rd7 58. Rg8+ Kf7 59. Rh8 Kg7 60. Rbg8+ Kf7 {[%eval 0,52] [%wdl 5,991,4]}) 44. Rxd3 ({PROMENADE-bmi2: 1)} 44. Rxd3 Ra4+ 45. Kf3 h5 46. Rd6 Kg6 47. Rxe6 Bh6 48. Re8 f4 49. Rg8+ Kf5 50. Rh7 Ra3+ 51. Kg2 f3+ 52. Kh2 Bc1 53. Rxh5+ Ke4 54. Re8+ Kd4 55. Rf5 Rc3 56. Rxa5 Rc2 57. Kg1 Re2 58. Rd8+ Ke4 59. Ra4+ Ke5 60. Rd3 Rc2 61. Rxf3 Rc6 62. Ra5+ Ke6 63. Kg2 Bd2 64. Ra2 Bc1 65. Kh3 f5 66. Ra8 Rc5 67. Ra6+ Ke5 68. h5 Rb5 69. Kg2 Bd2 70. Rfa3 Rb8 71. h6 Bxh6 72. Rxh6 Rb5 73. Ra8 Rb2 74. Ra5+ Ke4 75. Re6+ Kd4 {[%eval 595,54] [%wdl 1000,0,0]}) ({Auch} 44. Rxg7+ {verliert} Kh8 45. Rh7+ Kg8 46. Rhg7+ Kf8 47. Rgf7+ Ke8 48. Rfe7+ Kd8 {und Weiss ist am Ende, weil ...Ta4# droht und auch} 49. Rxe6 {nichts hilft} Rxf2#) 44... Kg6 {Auch andere Züge retten nicht mehr.} 45. h5+ Kxh5 46. Rxg7 Rxf2+ 47. Ke3 Rf1 48. Rd6 Ra1 49. Re7 Ra3+ 50. Kd2 Rxg3 51. Rexe6 Kg5 52. Rxf6 {Der Rest ist nur noch für die Galerie.} h5 53. Rg6+ Kh4 54. Rxg3 Kxg3 55. Ke3 f4+ 56. Ke2 Kg4 57. Rg6+ Kf5 58. Rg8 h4 59. Kf3 h3 60. Rh8 a4 61. Rxh3 Kg5 62. Rh8 a3 63. Ra8 Kf5 64. Ra5+ Ke6 65. Kxf4 a2 66. Ke4 Kd6 67. Kd4 Ke6 68. Rxa2 Kf5 69. Ra3 Ke6 70. Ra6+ Kf5 71. Rb6 Kf4 72. Rf6+ Kg4 73. Ke4 Kg5 74. Re6 Kg4 75. Rg6+ Kh5 76. Rg7 Kh6 77. Rg4 Kh5 78. Kf5 Kh6 79. Rg3 Kh7 80. Kf6 Kh8 81. Kf7 Kh7 82. Rh3# 1-0

[Event "Match 81__120'/40"]
[Site "Zürich"]
[Date "2025.??.??"]
[Round "46"]
[White "Fidelity Excel Mach III"]
[Black "Scorpio 68000 sel. 4"]
[Result "1/2-1/2"]
[Annotator "Utzinger,K"]
[WhiteElo "2020"]
[BlackElo "2043"]
[PlyCount "193"]
[EventDate "2025.??.??"]

{[%evp 0,193,19,31,31,10,21,-32,-5,-35,-23,-32,-33,-16,24,33,50,34,34,33,24,23,60,-34,22,13,86,50,67,67,63,17,22,42,34,24,26,-21,-9,-16,-16,-18,6,16,5,7,6,0,0,0,4,0,-1,-17,-17,-16,-15,-18,-2,-1,0,9,19,-11,0,0,7,0,0,0,11,9,10,25,26,26,26,27,25,25,25,27,25,25,25,25,25,25,25,25,25,25,25,25,25,27,27,10,25,16,15,6,16,12,12,9,0,0,0,0,0,0,29,38,40,21,10,9,39,9,41,0,0,0,0,0,0,0,0,0,0,0,0,0,0,0,0,0,0,0,0,0,0,0,0,0,0,0,0,0,0,0,0,0,0,0,0,0,0,0,0,0,0,0,0,0,0,0,0,0,13,10,1,8,14,0,12,0,25,29,23,0,0,-25,-26,-27,-25,-30,-25,-24,-25,-42,-25,-25,-28,-28]} 1. e4 e5 {Match 120'/40 | Bediener: Rolf Bühler | Kommentator: Kurt Utzinger | 46. Partie: Remis | Zwischenstand: 23,5-22,5 (51%) für Mach III | Stand hypothetisch: 25,5-20,5 (55,4%) für Mach III | Eröffnung: Dänisches Gambit | Buchzüge: 8 von Scorpio 68000 sel.4 / 6 von Mach III | Partieverlauf: Mit einer einzigen wesentlichen Ungenauigkeit in dieser Partie (11.e5?) hätte Weiss in Nachteil kommen können. Innert zwei Zügen verspielt Schwarz jedoch seinen Vorteil. Und ab 13.Sc4 passiert etwas Aussergewöhnliches, indem beide Programme bis zum Partieende im 97. Zug keinen einzigen Fehler mehr begehen. Bezüglich Fehler und Ungenauigkeiten also die mit Abstand beste, wenn auch langweiligste Partie in diesem Match.} 2. d4 exd4 3. c3 dxc3 4. Bc4 cxb2 5. Bxb2 d5 6. Bxd5 {***ENDE BUCH***} Nf6 7. Bxf7+ Kxf7 8. Qxd8 Bb4+ {***ENDE BUCH***} 9. Qd2 Bxd2+ 10. Nxd2 {Nach einem bekannten Schlagabtausch in dieser Eröffnung steht es ausgeglichen. Von Remis kann noch keine Rede sein, denn die beidseitigen Bauernmehrheiten verlangen kluges Agieren, um nicht plötzlich unter kleinen oder grösseren Sorgen leiden zu müssen.} Na6 {Bewertung: = (0.00) (50%) Tiefe: 44/56} (10... Re8 11. f3 (11. Ngf3 Nc6 12. O-O Bg4 {½- (63) ½ (63) Moiseenko,V (2243)-Gusev,A (2400) Efremov 2017}) 11... Nc6 12. Rc1 {½-½ (12) Kaczur,F (2497)-Bagi,M (2446) Budapest 2023}) 11. e5 $2 {Ein schlechter Zug, wie auch die Bewertung zeigt: -/+ (-1.06) (20%) Tiefe: 48/61} Re8 $6 $15 {Noch besser war 11...Sd5 -/+} 12. Ngf3 c6 $6 {Danach, statt besser ...Sd5, ist es vorbei mit schwarzem Vorteil.} 13. Nc4 $11 {[#] Ausgleich} Ne4 14. O-O Be6 15. Rfe1 Nac5 16. Rac1 Rad8 17. Nd6+ Nxd6 18. exd6 Nd3 {Erobert nicht die Qualität.} 19. Ne5+ Nxe5 20. Bxe5 Bxa2 21. Ra1 Bd5 22. Rxa7 c5 23. Ra5 Rxd6 24. Rxc5 Bc6 25. Kf1 Rd2 26. Bc3 Rxe1+ 27. Kxe1 Rc2 {[#] Dieses materiell gleichstehende Endspiel mit je einem Turm auf beiden Seiten sowie ungleichfarbige Läufer ist natürlich Remis. Und ganz ausnahmsweise begehen beide Programme bis zum Partieschluss im 97. Zug keinen einzigen Fehler mehr.} 28. g3 h6 29. Bd4 Ra2 30. h4 g6 31. f4 Be4 32. h5 Rg2 33. hxg6+ Kxg6 34. Bf2 Bf3 35. Rc3 Bd5 36. Ke2 Kf5 37. Ke3 Bc6 38. Rc5+ Kf6 39. Rh5 Kg6 40. Re5 Kf6 41. Rc5 Rh2 42. Be1 Rg2 43. Rh5 Kg6 44. Re5 Kf6 45. Kd4 Rg1 46. Kc5 Rf1 47. Kd6 Bg2 48. Re7 Kf5 49. Re8 Kg4 50. Kc5 h5 51. Kd6 Bc6 52. Re5 h4 53. gxh4 Rxf4 54. Rg5+ Kf3 55. h5 Rd4+ 56. Ke6 Bd7+ 57. Kf6 Rf4+ 58. Kg7 Re4 59. Bc3 Re7+ 60. Kh6 Be8 61. Bf6 Rf7 62. Bg7 Kf4 63. Re5 Bc6 64. Re1 Rf5 65. Bc3 Be4 66. Bd2+ Ke5 67. Bb4 Kd4 68. Be7 b5 69. Rd1+ Ke5 70. Rd8 Rf7 71. Bd6+ Kf6 72. Rh8 Kf5 73. Bb4 Rd7 74. Re8 Kf4 75. Rf8+ Bf5 76. Rh8 Rd4 77. Be7 Rd7 78. Ba3 Bd3 79. Bc5 Be4 80. Rf8+ Kg4 81. Rg8+ Kf5 82. Ba3 Rb7 83. Bb4 Rb6+ 84. Rg6 Rb8 85. Rg5+ Ke6 86. Rc5 Bf5 87. Rc6+ Kd5 88. Rc7 Bd3 89. Kg7 Rb6 90. Bf8 b4 91. h6 b3 92. h7 Bxh7 93. Ba3 Be4 94. Rd7+ Kc4 95. Bb2 Bd5 96. Rc7+ Kb4 97. Rd7 {***REMIS ABGEBROCHEN***} 1/2-1/2

[Event "Match 81__120'/40"]
[Site "Zürich"]
[Date "2025.??.??"]
[Round "47"]
[White "Scorpio 68000 sel. 4"]
[Black "Fidelity Excel Mach III"]
[Result "0-1"]
[Annotator "Utzinger,K"]
[WhiteElo "2043"]
[BlackElo "2020"]
[PlyCount "67"]
[EventDate "2025.??.??"]

{[%evp 0,67,25,-25,-12,-15,-18,-18,-17,-31,-12,-16,-17,-31,-31,-48,-15,-21,-15,-135,-126,-145,-198,-268,-274,-319,-302,-302,-302,-320,-301,-314,-312,-307,-298,-376,-371,-371,-301,-366,-366,-378,-389,-418,-409,-558,-612,-723,-859,-1105,-514,-520,-517,-515,-465,-497,-497,-511,-500,-599,-601,-680,-632,-930,-1026,-1060,-1055,-1421,-1498,-1510]} 1. c4 e5 {Match 120'/40 | Bediener: Rolf Bühler | Kommentator: Kurt Utzinger | 47. Partie: Schwarz (Mach III) gewinnt | Zwischenstand: 24,5-22,5 (52,1%) für Mach III | Stand hypothetisch: 26,5-20,5 (56,3%) für Mach III | Eröffnung: Englisch, Vierspringer Variante | Buchzüge: 7 von Scorpio 68000 sel.4 und 5 von Mach III | Partieverlauf: Der Scorpio 68000 sel. 4 kassiert eine drastische Niederlage. Ein sehr früher Fehler im 9. Zug stürzt das Programm von David Kittinger ins Elend. Den dadurch möglichen Figurengewinn streicht der Mach III gerne ein und schiebt die Partie chancenlos für den Gegner zum Sieg.} 2. Nc3 Nc6 3. Nf3 Nf6 4. g3 Bb4 5. Bg2 O-O {***ENDE BUCH***} 6. Nd5 e4 7. Nh4 {***ENDE BUCH***} Re8 {Eine ander populäre Fortsetzung ist 7...d6 usw.} (7... d6 8. a3 Ba5 9. b4 Bb6 10. Bb2 Bd4 11. Bxd4 Nxd4 12. e3 Nf5 13. Nxf5 Bxf5 14. Nxf6+ Qxf6 15. O-O c6 16. f3 Qe6 17. fxe4 Bxe4 18. Bxe4 Qxe4 19. Rf4 Qe5 20. Rb1 Rad8 21. b5 d5 22. cxd5 Qxd5 23. bxc6 bxc6 24. Rb2 g6 25. Qc2 Rd7 26. Rd4 Qe6 27. Qc4 Qf5 28. Rf4 Qa5 29. Qa4 Qe5 30. Qxc6 Qxb2 31. Qxd7 Qxa3 32. Ra4 Qc1+ 33. Kg2 Qd1 34. Rxa7 Qe2+ 35. Kg1 Qe1+ 36. Kg2 Qe2+ 37. Kg1 Qe1+ 38. Kg2 Qe2+ {½-½ (38) Vachier Lagrave,M (2732)-Keymer,V (2726) Karlsruhe 2024}) 8. Nxb4 {Diese Tausch taucht in der ChessBase Online Datenbank nur gerade in 11 Partien auf mit einer mageren und missverständlichen Bilanz von mageren 27,3% für Weiss. Der Textzug ist indessen durchaus in Ordnung, auch aus Sicht der Engines.} Nxb4 $11 {[#]} 9. b3 $2 $19 {[%mdl 32768] ***VERLUST*** Eine Neuerung, die sich nicht bewährt und zu deutlichem, sprich gewinnträchtigem Vorteil für Schwarz führen sollte.} ({Richtig war} 9. a3 Nc6 10. d3 d5 11. dxe4 {Das ist gemäss den Engines die einzige befriedigende Fortsetzung.} dxe4 12. Qxd8 Rxd8 13. Bg5 Nd4 14. Rc1 Bg4 15. Bxf6 gxf6 16. f3 exf3 17. Nxf3 Bxf3 18. Bxf3 Nxf3+ 19. exf3 Rd4 20. Rc2 Rad8 21. O-O Rd2 22. Rf2 Rd1+ 23. Kg2 Kg7 24. Rfe2 a5 25. b4 a4 26. Re7 R8d7 27. Rce2 b6 28. c5 R1d3 29. f4 b5 30. Rxd7 Rxd7 31. Re3 {½-½ (31) Hueser,U (2316)-Leupold,V (2447) ICCF email 2008}) 9... d5 $19 10. O-O $5 {Noch am besten gemäss der Engine, trotz einer miserablen Bewertung -+ (-2.35) (0%) (+0% =1% -99%) Tiefe 57/84} ({PROMENADE-bmi2:} 10. Ba3 {-3.17 (0%) Tiefe 56} c5 11. f4 dxc4 12. Bb2 cxb3 13. Qxb3 Qb6 14. Bxf6 Qxf6 15. Rc1 b6 16. a3 Nc6 17. Qc3 Qe6 18. O-O Bb7 19. Rfe1 Rad8 20. Bf1 Ne7 21. e3 Bc6 22. Qb2 Rd6 23. Re2 Qf6 24. Qxf6 gxf6 25. g4 Red8 26. Rc2 Rd3 27. Ra2 Bd5 28. Ra1 Be6 29. f5 Bb3 30. Bg2 Rxd2 31. Rxd2 Rxd2 32. Bxe4 Kf8 33. Ng2 Nd5 34. Rc1 a5 35. h4 a4 36. g5 fxg5 37. hxg5 Ke7 38. Nf4 Nxe3 39. f6+ Kd6 {[%eval -317,56] [%wdl 0,0,1000]}) ({Oder} 10. cxd5 Nd3+ 11. exd3 Bg4 12. O-O Bxd1 13. Rxd1 Qxd5 $19) ({Oder} 10. f4 Nd3+ 11. Kf1 Bg4 12. h3 Nh5 13. hxg4 Nxg3+ 14. Kg1 Nxh1 15. exd3 Qxh4 16. Bxh1 exd3 17. Bb2 Re2 $19) 10... g5 $1 {Das erobert eine Figur.} 11. Ba3 a5 12. Bxb4 $6 {Verschlechtert die kaputte Stellung durch Öffnung der a-Linie für den schwarzen Turm und Schaffung eines rückständigen Bauern auf a2.} axb4 13. Nf3 exf3 14. Bxf3 d4 15. Re1 c6 16. Bg2 Ne4 17. d3 Nc3 18. Qd2 Qa5 19. Qb2 Bf5 20. Bf3 h6 21. h4 $2 {Schwächt den Königsflügel und verschlimmert die weisse Situation noch mehr.} gxh4 22. gxh4 Qd8 23. Qd2 {Weiss kann den h-Bauern nicht halten.} (23. h5 Qg5+ 24. Kh2 Kh7 {und Weiss wird mattgesetzt} 25. Qc1 Qh4+ 26. Kg2 Rg8+ 27. Qg5 Rxg5+ 28. Bg4 Qxg4+ 29. Kf1 Qh3#) 23... Qxh4 {und Matt in 10 Zügen} 24. Bg2 Qg5 {Damentausch genügt für den Gewinn. Aber 24...Kh7 hätte zum Matt geführt.} ({Rems M-091224-bmi2:} 24... Kh7 25. e4 Bh3 26. Re3 dxe3 27. fxe3 Bxg2 28. Qe1 Qh3 29. Kf2 Rg8 30. Qxc3 Bf3 31. Rg1 Rg2+ 32. Rxg2 Qxg2+ 33. Ke1 Qe2# {[%eval -32747,43] [%wdl 0,0,1000]}) 25. Qxg5+ hxg5 26. Bf1 f6 27. e4 Bd7 28. Kg2 Kf7 29. f4 gxf4 30. Kf3 Rh8 31. Kxf4 Rag8 32. Kf3 Rh2 33. a3 Rg1 {droht Matt durch ...Lg4+, Kf4 Tf2#} 34. Bh3 {***AUFGEGEBEN***} 0-1